000 01154nad a2200373Mi 4500
001 78512
005 20230410105330.0
008 010906s2000 fr 000 0 fre d
035 _a(OCoLC)ocn247897496
040 _aGyGoGBV
_erakwb
_bger
_cGBVCP
020 _a202040589X
020 _a9782020405898
035 _a(OCoLC)247897496
050 1 4 _aJX1395
084 _a89.70 ; Internationale Beziehungen: Allgemeines
_2bcc
084 _a89.76 ; Friedensforschung ; Konfliktforschung
_2bcc
050 1 4 _aH355
100 1 _aHassner, Pierre.
245 1 0 _aDe la bombe atomique au nettoyage ethnique.
250 _aReed. augm.
260 _aParis :
_bâEd. du Seuil,
_c2000.
300 _a370 S.
440 0 _aCollection Points ;
_v416
_aEssais
440 3 _aLa violence et la paix / Pierre Hassner ;
_v[1]
500 _aIncludes bibliographical references and index.
650 4 _aKrieg
_aFriede
_aNationalismus
_aInternationale Politik.
653 0 _aDeterrence (Strategy)
653 0 _aInternational relations
653 0 _aNationalism
653 0 _aWorld politics
_a1989-
942 _2lcc
_cbk
946 _aaa
994 _aC0
_bDRFGD
999 _c34568
_d34568